| 000 | 01118nam a22002657a 4500 | ||
|---|---|---|---|
| 005 | 20080905121451.0 | ||
| 008 | 110608t xxu||||| |||| 00| 0 hin d | ||
| 010 | _aHIN-92966 | ||
| 020 |
_c350.00 _a9788173158506 |
||
| 035 | _aHN-65312 | ||
| 037 | _bDBAD / PUB | ||
| 040 |
_aDPL _bHN |
||
| 082 | _a821.08 | ||
| 100 | _928442 | ||
| 245 |
_aकुरल काव्य / _cप्रज्ञाश्रमण मुनि अमितसागर द्वारा संपादित |
||
| 260 |
_aदिल्ली _bप्रभात प्रकाशन _c2010 |
||
| 270 |
_a4/19 आसफ अली रोड _bदिल्ली _e110002 |
||
| 300 |
_a216पृ _c22सेमी (सजिल्द) |
||
| 650 | _928443 | ||
| 650 | _928455 | ||
| 700 |
_928521 _aप्रज्ञाश्रमण मुनि अमितसागर |
||
| 700 | _928536 | ||
| 942 |
_adpl _cHN _2ddc _mकुरल _h821.08 |
||
| 999 |
_c52990 _d52990 |
||